English in primary education in Sweden and Vietnam : Teaching practises, learner outcomes and out of school exposure
Chapter 1. Introduction ; Chapter 2. Theory and previous research ; Chapter 3. English language teaching in primary schools, ...
Đã lưu trong:
| Tác giả chính: | |
|---|---|
| Định dạng: | Sách |
| Ngôn ngữ: | Undetermined |
| Được phát hành: |
Sweden
Media-Tryck, Lund University
2018
|
| Những chủ đề: | |
| Các nhãn: |
Thêm thẻ
Không có thẻ, Là người đầu tiên thẻ bản ghi này!
|
| Thư viện lưu trữ: | Trung tâm Học liệu Trường Đại học Cần Thơ |
|---|
| LEADER | 00793nam a2200217Ia 4500 | ||
|---|---|---|---|
| 001 | CTU_226438 | ||
| 008 | 210402s9999 xx 000 0 und d | ||
| 082 | |a 428.007 | ||
| 082 | |b S429 | ||
| 100 | |a Vi, Thanh Son | ||
| 245 | 0 | |a English in primary education in Sweden and Vietnam : | |
| 245 | 0 | |b Teaching practises, learner outcomes and out of school exposure | |
| 245 | 0 | |c Vi Thanh Son | |
| 260 | |a Sweden | ||
| 260 | |b Media-Tryck, Lund University | ||
| 260 | |c 2018 | ||
| 520 | |a Chapter 1. Introduction ; Chapter 2. Theory and previous research ; Chapter 3. English language teaching in primary schools, ... | ||
| 650 | |a Tiếng Anh,English language | ||
| 650 | |x Dạy và học,Study and teaching | ||
| 910 | |b nthai | ||
| 980 | |a Trung tâm Học liệu Trường Đại học Cần Thơ | ||